Statistics for Bayer Leverkusen Best Scorer By Year

Click here to take the quiz!

General Stats

  • This quiz has been taken 39 times
  • The average score is 6 of 14

Answer Stats

Player % Correct
Stefan Kie├čling
85%
Michael Ballack
74%
Kai Havertz
71%
Kevin Volland
56%
Ulf Kirsten
53%
Karim Bellarabi
47%
Dimitar Berbatov
38%
Oliver Neuville
35%
Javier Hernandez
26%
Arturo Vidal
21%
Patrick Helmes
21%
Andriy Voronin
18%
Theofanis Gekas
15%
Daniel Bierofka
9%

Score Distribution

Percentile by Number Answered

Percent of People with Each Score

Your Score History

You have not taken this quiz